| 000 | 01393nam0a22003251 4500 | ||
|---|---|---|---|
| 001 | rc\3302446 | ||
| 005 | 20250609174603.0 | ||
| 021 |
_aRU _b72-84957 |
||
| 021 |
_aRU _bРг4055-73 |
||
| 035 | _a(NLR Aleph) 007409647 | ||
| 090 |
_a6801564 _c6801564 |
||
| 100 | _a20130115d1972 |||y0rusy50 ca | ||
| 101 | 0 | _arus | |
| 102 | _aRU | ||
| 105 | _aa z ||||| | ||
| 200 | 1 |
_aСтойкость гарнитуры дисковых мельниц _e(Обзор) _fВсесоюз. науч.-исслед. и проектный ин-т экономики, организации управления производством и информации по лесной, целлюлозно-бум. и деревообрабатывающей пром-сти |
|
| 210 |
_aМосква _cБ. и. _d1972 |
||
| 215 |
_a23 с. _cил. _d21 |
||
| 225 | 1 | _aБумага и целлюлоза | |
| 300 | _aПеред загл. авт.: П.П. Демин, В.Ф. Пашинский, С.С. Киселев | ||
| 300 | _aНа обл. авт. не указаны | ||
| 320 | _aБиблиогр.: с. 22 | ||
| 700 | 1 |
_aДемин _bП.П. |
|
| 701 | 1 |
_aПашинский _bВ.Ф. _gВладимир Федорович |
|
| 701 | 1 |
_aКиселев _bС.С. _gСергей Семенович |
|
| 801 | 0 |
_aRU _bNLR _gpsbo |
|
| 801 | 1 |
_aRU _bELAR _2rusmarc |
|
| 852 |
_aNLR _j73-6/1507 |
||
| 942 | _cBOOK | ||
| 980 | _aNB | ||